000 00689nam a2200277Ia 4500
005 20260324144934.0
008 008 260324s9999 xx 000 0 eng d
020 _a9781315103365
037 _aEBOOK
040 _aCRL
040 _beng
040 _cCRL
041 _2eng
041 _aeng
084 _qCRL
100 _aVictor M. Rentel; Samuel A. Corson; Bruce R. Dunn
_91221164
245 0 _aPsychophysiological Aspects of Reading and Learning
260 _bTaylor and Francis
260 _c1985
365 _a
365 _b205
856 _uhttp://www.taylorfrancis.com/books/9781315103365
942 _cEBOOK
999 _c1828412
_d1828412